|
|
|
|
| LEADER |
00816nta a2200205 i 4500 |
| 001 |
dokt1990 |
| 005 |
20200122113230.0 |
| 008 |
131121s2013 hu om 0|| eng d |
| 024 |
7 |
|
|a 10.14232/phd.1990
|2 doi
|
| 024 |
7 |
|
|a 2471035
|2 mtmt
|
| 040 |
|
|
|a SZTE Doktori Repozitórium
|b hun
|
| 041 |
|
|
|a eng
|
| 100 |
1 |
|
|a Sárközy Márta Julianna
|
| 245 |
1 |
0 |
|a Cardiovascular risk and stress adaptation in metabolic diseases
|h [elektronikus dokumentum] /
|c Sárközy Márta Julianna
|
| 260 |
|
|
|c 2013-11-29
|
| 502 |
|
|
|a Disszertacio
|
| 650 |
|
4 |
|a elméleti orvostudományok
|
| 700 |
1 |
|
|a Csont Tamás
|e ths
|
| 856 |
4 |
0 |
|u https://doktori.bibl.u-szeged.hu/id/eprint/1990/1/SarkozyM_PhD_Thesis.pdf
|z Dokumentum-elérés
|
| 856 |
4 |
0 |
|u https://doktori.bibl.u-szeged.hu/id/eprint/1990/2/SarkozyM_PhD_angol_%20tezis_fuzet.pdf
|z Dokumentum-elérés
|